000 00520nam a22001697a 4500
003 MACL
005 20160427151724.0
008 160427b xxu||||| |||| 00| 0 eng d
040 _cMACL
041 _aHindi
082 _a800
100 _aडॉ विवेकी राय
_954415
245 _aहिन्‍दी कहानी समीक्षा और संदर्भ
260 _aइलाहाबाद
_bएकता प्रकाशन
_c2012
650 _aStories
_954416
942 _2ddc
_cHIN
999 _c53869
_d53869